• 首页
  • 本馆介绍
  • 公告通知
  • 最新文献
  • 馆藏检索
  • 电子资源
  • 读者导购
  • 参考咨询
  • 我的图书馆
  • 登录
  • 详细信息显示
  • 放入我的书架
  • 预约/预借图书
  • 作者相关作品
  • 分类相关作品
  • 丛书相关作品
  • 出版社相关作品

书目信息

  • 表格格式
  • 工作单格式
  • 卡片格式
题名:
外汇交易
    
 
作者: 唐赞宸 , 易文策 , 李红实 主编
分册:  
出版信息: 北京   中国财富出版社  2021
页数: 238页
开本: 24cm
丛书名:
单 册:
中图分类: F830.92
科图分类:
主题词: 外汇交易--wai hui jiao yi--研究
电子资源:
ISBN: 978-7-5047-7135-3
000 01405nam0 2200289 450
001 2157992703
005 20211011172911.0
010    @a978-7-5047-7135-3@dCNY69.80
100    @a20210508d2021 em y0chiy50 ea
101 0  @achi
102    @aCN@b110000
105    @aa z 000yy
106    @ar
200 1  @a外汇交易@Awai hui jiao yi@dForeign exchange transcations@e预测、对策与决策@f唐赞宸,易文策,李红实主编@zeng
210    @a北京@c中国财富出版社@d2021
215    @a238页@c图@d24cm
300    @a中国流通行业管理与思想政治工作研究会职业教育管理专业委员会指定教材
330    @a本书从实用的角度探讨外汇交易技术中的核心问题,为投资者提供投资参考的依据。首先从预测、对策、决策三个方面阐述投资者如何形成自己的交易体系。本书选取了缠论和MACD等几个技术分析手段进行阐述,其目的是引导投资者形成自己能够掌握的技术分析方法。在基本面分析方法的阐述中,作者从逻辑推理、经济周期、国际市场固有特点等方面阐述了诸多分析逻辑。本书作者认为,投资者应建立自己的分析逻辑和分析体系,因此,书中列举的分析方式是思维模式,而不是照搬别人的各种投资理念和方法。
510 1  @aForeign exchange transcations@zeng
517 1  @a预测、对决与决策@Ayu ce dui jue yu jue ce
606 0  @a外汇交易@Awai hui jiao yi@x研究
690    @aF830.92@v5
701  0 @a唐赞宸@Atang zan chen@4主编
701  0 @a易文策@Ayi wen ce@4主编
701  0 @a李红实@Ali hong shi@4主编
801  0 @aCN@b百万庄@c20211007
905    @b1306073-76@dF830.92@e510@f4
    
    外汇交易=Foreign exchange transcations:预测、对策与决策/唐赞宸,易文策,李红实主编.-北京:中国财富出版社,2021
    238页:图;24cm
    中国流通行业管理与思想政治工作研究会职业教育管理专业委员会指定教材
    
    ISBN 978-7-5047-7135-3:CNY69.80
    本书从实用的角度探讨外汇交易技术中的核心问题,为投资者提供投资参考的依据。首先从预测、对策、决策三个方面阐述投资者如何形成自己的交易体系。本书选取了缠论和MACD等几个技术分析手段进行阐述,其目的是引导投资者形成自己能够掌握的技术分析方法。在基本面分析方法的阐述中,作者从逻辑推理、经济周期、国际市场固有特点等方面阐述了诸多分析逻辑。本书作者认为,投资者应建立自己的分析逻辑和分析体系,因此,书中列举的分析方式是思维模式,而不是照搬别人的各种投资理念和方法。
●
相关链接 在E读中查询图书 在五车中查询图书 在当当中查询图书 在豆瓣中查询图书


正题名:外汇交易     索取号:F830.92/510         预约/预借

序号 登录号 条形码 馆藏地/架位号 状态 备注
1 1306073   213060738   第一样本阅览室/ [索取号:F830.92/510] 在馆    
2 1306074   213060747   第一借阅区/ [索取号:F830.92/510] 在馆    
3 1306075   213060756   第一借阅区/ [索取号:F830.92/510] 在馆    
4 1306076   213060765   第一借阅区/ [索取号:F830.92/510] 在馆    
唐山师范学院图书馆 欢迎您!
大连网信软件有限公司© 版权所有